000 00653nam a2200241Ia 4500
005 20260121112948.0
008 10198 260114s9999 xx 000 0 eng d
020 _a9789812384959
037 _aEBOOK
040 _aCRL
_beng
_cCRL
041 _aeng
_2eng
084 _qCRL
100 _aRao C Radhakrishna
_9966018
245 0 _aStatistics and Truth: Putting Chance to Work 2nd Edition
260 _bWorld Scientific
260 _bWSPC
260 _c1997
650 _aMathematics
_9966019
856 _uhttps://www.worldscientific.com/worldscibooks/10.1142/3454#t=toc
942 _cEBOOK
999 _c1547498
_d1547498